| 000 | 04488cam a2200421 i 4500 | ||
|---|---|---|---|
| 001 | 123909 | ||
| 005 | 20230410132853.0 | ||
| 008 | 170103s2012 cn ac b 000 0beng | ||
| 020 | _a9780773540224 | ||
| 020 | _a0773540226 | ||
| 041 | 0 | _aeng. | |
| 050 | 1 | 4 |
_aB HV 9468 _bK45W 2012. |
| 082 | 0 | 0 | _a341.6'50973 |
| 245 | 0 | 0 |
_aOmar Khadr, oh Canada / _cedited Janice Williamson. |
| 260 |
_aMontréal & Kingston : _bMcGill-Queen's University Press, _c2012. |
||
| 300 |
_axxvii, 450 p. : _bill., ports. ; _c23 cm. |
||
| 504 | _aIncludes bibliographical references. | ||
| 505 | 0 | _aOmar Khadr : a timeline -- Two portraits / Heather Spears -- Introduction : the story so far / Janice Williamson -- Part One. The Saga of Omar Khadr. Politics over principles : the case of Omar Khadr / Sheema Khan -- The long way home : the saga of Omar Khadr / Gar Pardy -- My encounter with Omar / Craig Kielburger -- Reflections. Re: That gunfight at the O. K. Corral / George Elliott Clarke -- Our kids / Charles Foran -- Omar and I : stability and democracy / Hasnain Khan -- Part Two. Omar Khadr in Guantánamo : Architecture Is Not Justice. Some images of the unseen : on the making of the film, You don't like the truth : 4 days inside Guantánamo / Patricio Henriquez, translated by Mark Abley -- Excerpts from the screenplay, You don't like the truth : 4 days inside Guantánamo / Luc Côté and Patricio Henriquez -- Memorandum recommendation to retain under DOD control Guantánamo detainee Omar Khadr (Military Intelligence risk assessment), 24 January 2004 -- Affidavit of Omar Khadr (outlining his treatment in captivity), 30 July 2008 -- Reflections. Nail biter : a one-act play / Judith Thompson -- Hoping for Omar Khadr / Marina Nemat -- Extreme loneliness / Kim Echlin -- Part Three. The Case of Omar Khadr. War stories : a reflection on defending an alleged combatant detained in Guantánamo Bay, Cuba / Richard J. Wilson -- Khadr's Canadian defence : two Edmonton lawyers, a professor, and the rule of law / Sheila Pratt -- The rule of law, the force of law, and the rule of force / Audrey Macklin -- Omar Khadr's plea bargain, 13 October 2010 -- Torture as foreign policy : the Omar Khadr decision / Gail Davidson -- Reflections. Omar Khadr : America's injustice, Canada's shame / Maher Arar -- The policy of fear / Dennis Edney -- Part Four. Omar Khadr, Child Soldier. How to unmake a child soldier / Roméo Dallaire -- International law and the recruitment of a child soldier : Omar Khadr and family ties / W. Andy Knight and John McCoy -- Omar Khadr : Canadian child soldier / Deborah Gorham -- How the Supreme Court of Canada undermined the Convention on the Rights of the Child in the case of Omar Khadr / Grace Li Xiu Woo -- Reflections. From Congo to Guantánamo : Omar Khadr, the invisible child soldier / Monia Mazigh -- Delta Force / Lola Lemire Tostevin -- "Child soldier" / Rachel Zolf -- Part Five. Omar Khadr, Oh Canada. Reading Khadr : making sense of Canada's reluctance to do the right thing / Robert Diab and Alnoor Gova -- Pray or pay : the rights of Canadians abroad / Nathalie Des Rosiers -- Omar Khadr, the carceral net, and the Muslim body / Yasmin Jiwani -- Stolen youth : lost boys and imperial wars / Jasmin Zine -- Omar Khadr and the perils of Canadian multiculturalism / Sadia B. Drury -- Omar Khadr as Canadian icon / Rick Salutin -- Afterword : The mark of torture / Sherene H. Razack. | |
| 600 | 1 | 0 | _aKhadr, Omar, 1986. |
| 610 | 1 | 0 |
_aKhadr, Omar, 1986. _xLiterary collections. |
| 650 | 0 |
_aPolitical prisioners _zCuba _zGuantánamo Bay Naval Base _vBiography |
|
| 650 | 0 |
_aChild soldiers _zCanada _vBiography |
|
| 651 | 0 |
_aCanadians _xLegal status, laws, etc. _zUnited States |
|
| 650 | 0 |
_aChild soldiers _xLegal status, laws, etc. _zUnited States |
|
| 651 | 0 |
_aCanada _xPolítics and government _y2006 |
|
| 651 | 0 |
_aAfghan war, 2001 _xPrisioners and risons, American. |
|
| 610 | 1 | 0 |
_aKhadr, Omar, 1986. _xColección literaria. |
| 650 | 0 |
_aPolítica de prisiones _zCuba _zBase naval de la Bahía de Guantánamo _vBiografía |
|
| 650 | 0 |
_aNiños soldados _zCanada _vBiografía |
|
| 651 | 4 |
_aCanada _xEstado legal, leyes, etc. _zEstados Unidos. |
|
| 650 | 0 |
_aNiños soldados _xEstado legal, leyes, etc. _zEstados Unidos. |
|
| 651 | 4 |
_aCanada _xPolítica y gobierno _y2006 |
|
| 651 | 4 |
_aAfganistán guerra, 2001 _xPrisioneros y prisión, americanos. |
|
| 700 | 1 |
_aWilliamson, Janice, _eedit, |
|
| 942 |
_2lcc _cbk |
||
| 946 | _almd | ||
| 994 |
_aCO _bDRFGD |
||
| 999 |
_c89262 _d89262 |
||